Statistiques concernant États des USA (lettre C)

Cliquez ici pour prendre le quiz!

Statistiques générales

  • Ce quiz a été pris 306 fois
    (245 depuis la dernière actualisation)
  • Le résultat moyen est 5 sur 5

Statistiques - réponses

Réponse% Correct
californie
95%
caroline du nord
93%
caroline du sud
93%
colorado
88%
connecticut
87%

Distribution des résultats

Percentile par nombre de réponses

% des personnes avec chaque résultat

Votre développement - résultats

Vous n’avez pas pris ce quiz depuis la dernière actualisation